| 000 | 00583cam a22001694a 4500 | ||
|---|---|---|---|
| 005 | 20250605163557.0 | ||
| 008 | 250528s ||||||||||||||||||||||||d | ||
| 035 | _a22075 | ||
| 040 |
_aGR-AtMCL _bgre _dGR-AtMCL _eAACR2 |
||
| 245 | 1 | _aΔΙΑΦΑΝΕΙΑ ΚΑΙ ΑΡΧΙΤΕΚΤΟΝΙΚΗ: ΚΕΝΑ ΚΑΙ ΠΛΗΡΗ / ΠΡΑΚΤΙΚΑ ΒΑΛΚΑΝΙΚΟΥ ΣΥΝΕΔΡΙΟΥ, 24-25 ΜΑΪΟΥ 2001 ΘΕΣΣΑΛΟΝΙΚΗ | |
| 250 | _a1 | ||
| 260 |
_bUniversity Studio Press _bΣυλλογικο, _c2002 |
||
| 300 | _a454 | ||
| 942 | _cBK | ||
| 999 |
_c7131 _d7131 |
||